Normal view
MARC view
- الخراج (فقه اسلامي) - النظام المالي في الاسلام
Entry Topical Term
001 - CONTROL NUMBER
- control field: 59139
003 - CONTROL NUMBER IDENTIFIER
- control field: JO-AjAnu
005 - DATE AND TIME OF LATEST TRANSACTION
- control field: 20230606083655.0
008 - FIXED-LENGTH DATA ELEMENTS
- fixed length control field: 230606|| aca||aabn | a|a d
040 ## - CATALOGING SOURCE
- Original cataloging agency: JO-AjAnu
- Transcribing agency: JO-AjAnu
150 ## - HEADING--TOPICAL TERM
- Topical term or geographic name entry element: الخراج (فقه اسلامي) - النظام المالي في الاسلام
670 ## - SOURCE DATA FOUND
- Source citation: Work cat.: (JO-AjAnu)30165: تأليف: ابي يوسف يعقوب بن ابراهيم، يحيى بن آدم القرشي، ابر رجب الحنبلي, author 59138, كتاب الخراج، كتاب الخراج، كتاب الخراج، الاستخراج لاحكام الخراج